000 00270 a2200145 4500
001 173599
020 _a
040 _cMagnum
100 _aDuboc, Jane
240 1 0 _aBia e buze
_lpor
245 1 0 _aBia e buze
362 0 _a1899
697 _aIJ/TEATRO
942 _cBK
999 _c173599
_d173599